Механизм ликвации в природных и технологических силикатно-солевых расплавах - концентраторах редких земель и ниобия (Запись № 11160773)
[ простой вид ]
| 000 -МАРКЕР | |
|---|---|
| контрольное поле | 01996nam0a2200349 4500 |
| 001 - ИДЕНТИФИКАТОР ЗАПИСИ | |
| контрольное поле | RU\NLR\BIBL_A\011953188 |
| 005 - ИДЕНТИФИКАТОР ВЕРСИИ | |
| контрольное поле | 20190327150510.0 |
| 010 ## - МЕЖДУНАРОДНЫЙ СТАНДАРТНЫЙ НОМЕР КНИГИ (ISBN) | |
| Номер (ISBN) | 978-5-89118-784-9 |
| Тираж | 300 |
| 021 ## - НОМЕР ГОСУДАРСТВЕННОЙ РЕГИСТРАЦИИ | |
| Код страны | Российская Федерация |
| Номер | КН-П-19-007029 |
| Номер Листа государственной регистраци | КН-П-19-0517 |
| 035 ## - ДРУГИЕ СИСТЕМНЫЕ НОМЕРА | |
| Идентификатор записи | (NLR Aleph) 011953188 |
| 035 ## - ДРУГИЕ СИСТЕМНЫЕ НОМЕРА | |
| Идентификатор записи | (RuMoRGB)009883631 |
| 100 ## - ДАННЫЕ ОБЩЕЙ ОБРАБОТКИ | |
| Данные общей обработки | 20190306d2018 k y0rusy50 ca |
| 101 0# - ЯЗЫК РЕСУРСА | |
| Язык текста, звукозаписи и т.д. | русский |
| 102 ## - СТРАНА ПУБЛИКАЦИИ ИЛИ ПРОИЗВОДСТВА | |
| Страна публикации | Российская Федерация |
| 105 ## - ПОЛЕ КОДИРОВАННЫХ ДАННЫХ: ТЕКСТОВЫЕ МАТЕРИАЛЫ, МОНОГРАФИЧЕСКИЕ | |
| Кодированные данные о монографическом текстовом документе | ab||z|||000zy |
| 200 1# - ЗАГЛАВИЕ И СВЕДЕНИЯ ОБ ОТВЕТСТВЕННОСТИ | |
| Основное заглавие | Механизм ликвации в природных и технологических силикатно-солевых расплавах - концентраторах редких земель и ниобия |
| Сведения, относящиеся к заглавию | [монография] |
| Первые сведения об ответственности | Л. М. Делицын |
| Последующие сведения об ответственности | Федеральное Государственное бюджетное учреждение науки Объединенный Институт высоких температур Российской академии наук, Российский фонд фундаментальных исследований РФФИ |
| 210 ## - ПУБЛИКАЦИЯ, РАСПРОСТРАНЕНИЕ И ДР. | |
| Место издания, распространения и т.д. | Москва |
| Имя издателя, распространителя и т. д. | ГЕОС |
| Дата издания, распространения и т.д. | 2018 |
| 215 ## - ФИЗИЧЕСКАЯ ХАРАКТЕРИСТИКА | |
| Специфическое обозначение материала и объем | 406, [1] с. |
| Другие сведения о физической характеристике | ил., карт., табл. |
| Размеры | 25 |
| 320 ## - ПРИМЕЧАНИЯ О НАЛИЧИИ В ДОКУМЕНТЕ БИБЛИОГРАФИИ / УКАЗАТЕЛЯ | |
| Текст примечания | Библиогр.: с. 391-401 |
| 606 1# - НАИМЕНОВАНИЕ ТЕМЫ КАК ПРЕДМЕТ | |
| Наименование темы | Апатито-нефелиновые руды |
| Тематический подзаголовок | Месторождения |
| -- | Происхождение |
| -- | Роль ликвации |
| Географический подзаголовок | Хибины, горный массив (Кольский полуостров) |
| Системный номер авторитетной/нормативной записи | 2403944 |
| Идентификатор авторитетной/нормативной записи | RU\NLR\AUTH\6601652325 |
| 606 1# - НАИМЕНОВАНИЕ ТЕМЫ КАК ПРЕДМЕТ | |
| Наименование темы | Силикатно-солевые системы |
| Системный номер авторитетной/нормативной записи | 2261089 |
| Идентификатор авторитетной/нормативной записи | RU\NLR\AUTH\661355705 |
| 606 1# - НАИМЕНОВАНИЕ ТЕМЫ КАК ПРЕДМЕТ | |
| Наименование темы | Фосфатные руды |
| Тематический подзаголовок | Переработка |
| Системный номер авторитетной/нормативной записи | 1869912 |
| Идентификатор авторитетной/нормативной записи | RU\NLR\AUTH\661139760 |
| 686 1# - ИНДЕКСЫ ДРУГИХ КЛАССИФИКАЦИЙ | |
| Индекс | Д452.11-011(2Р31-4Му) |
| 686 1# - ИНДЕКСЫ ДРУГИХ КЛАССИФИКАЦИЙ | |
| Индекс | Л322-3 |
| 686 1# - ИНДЕКСЫ ДРУГИХ КЛАССИФИКАЦИЙ | |
| Индекс | Л242-3 |
| 700 #1 - ИМЯ ЛИЦА - ПЕРВИЧНАЯ ОТВЕТСТВЕННОСТЬ | |
| Графика поля | Кириллица |
| Материалы, к которым относится поле | rus |
| Начальный элемент ввода | Делицын |
| Часть имени, кроме начального элемента ввода | Л. М. |
| Даты | 1939- |
| Расширение инициалов личного имени | Леонид Михайлович |
| Системный номер авторитетной/нормативной записи | 38117 |
| Идентификатор авторитетной/нормативной записи | RU\NLR\AUTH\7755185 |
| 942 ## - ДОПОЛНИТЕЛЬНЫЕ ЭЛЕМЕНТЫ ЗАПИСИ (АБИС) | |
| Тип экземпляра АБИС | Книга |
| 980 ## - КОЛЛЕКЦИЯ | |
| Название коллекции | НБР |
| 980 ## - КОЛЛЕКЦИЯ | |
| Название коллекции | Национальная библиография |
Нет доступных экземпляров.